00422cam a2200169ua 45000010005000000080039000050200018000440400009000620820013000711000028000842450036001122500009001482600041001573000017001986530027002156530010002424112111215n ii |||gr||||Z||||||asm a81-237-4204-5 cMAIN a891.45131 aSaikia, Bhabendra Nath,11aAkashcby Bhabendra Nath Saikia a1st. aNew Delhi:bNational book trust,988. a254p:c23cm. aAssamese short stories aAkash